<?xml version="1.0" encoding="UTF-8"?>
<marc:record xmlns:marc="http://www.loc.gov/MARC21/slim">
   <marc:leader>00000nam a2200000 a 4500</marc:leader>
   <marc:datafield ind1="1" ind2=" " tag="100">
      <marc:subfield code="a">Rendell, Ruth</marc:subfield>
      <marc:subfield code="4">aut</marc:subfield>
      <marc:subfield code="e">Verfasser/-in</marc:subfield>
   </marc:datafield>
   <marc:datafield ind1="0" ind2="0" tag="245">
      <marc:subfield code="a">Sonderling. Der -</marc:subfield>
   </marc:datafield>
   <marc:datafield ind1="0" ind2="0" tag="245">
      <marc:subfield code="b">Roman</marc:subfield>
   </marc:datafield>
   <marc:datafield ind1="0" ind2="0" tag="245">
      <marc:subfield code="c">Rendell, Ruth</marc:subfield>
   </marc:datafield>
   <marc:datafield ind1=" " ind2="1" tag="264">
      <marc:subfield code="a">München</marc:subfield>
   </marc:datafield>
   <marc:datafield ind1="1" ind2=" " tag="520">
      <marc:subfield code="a">Sie waren nie füreinander bestimmt: Der junge Schreiner Teddy Brex, der ohne einen Funken Wärme und Verständnis aufwuchs, und Francine Hill, die als Kind den Mord an ihrer Mutter miterleben mußte und seither wie abgeschnitten von der Realität lebt. Er symbolisiert für sie die Freiheit vom Fürsorgewahn ihrer Stiefmutter; sie verkörpert für ihn jene reine Schönheit, die er bisher nur in seinen Holzarbeiten fand. Teddy, der nie etwas Eigenes besessen hat, will Francine besitzen - und wenn er dafür morden muss.</marc:subfield>
   </marc:datafield>
   <marc:datafield ind1=" " ind2=" " tag="020">
      <marc:subfield code="a">9783764500504</marc:subfield>
      <marc:subfield code="9">9783764500504</marc:subfield>
   </marc:datafield>
   <marc:datafield ind1=" " ind2=" " tag="338">
      <marc:subfield code="a">Band</marc:subfield>
   </marc:datafield>
   <marc:datafield ind1=" " ind2=" " tag="300">
      <marc:subfield code="a">445S.</marc:subfield>
   </marc:datafield>
</marc:record>
